000 01811cam a2200433 i 4500
999 _c478367
_d478367
001 17831107
003 NUST
005 20180523062207.0
008 130730s2014 riu b 001 0 eng
010 _a 2013030550
020 _a9780821891384 (alk. paper)
038 _aSNS Library
040 _aDLC
_beng
_cDLC
_erda
_dDLC
042 _apcc
050 0 0 _aQA805
_b.L465 2014
082 0 0 _a531
_223
084 _a34-XX
_a37-XX
_a49-XX
_a70-XX
_a00A07
_2msc
100 1 _aLevi, Mark,
_d1951-
_910483
245 1 0 _aClassical mechanics with calculus of variations, and optimal control :
_ban intuitive introduction /
_cMark Levi.
264 1 _aProvidence, Rhode Island :
_bAmerican Mathematical Society ;
_a[University Park, Pennsylvania] :
_aMathematics Advanced Study Semesters,
_c[2014]
300 _axx, 299 pages ;
_c22 cm.
336 _atext
_2rdacontent
337 _aunmediated
_2rdamedia
338 _avolume
_2rdacarrier
490 0 _aStudent mathematical library ;
_vvolume 69
504 _aIncludes bibliographical references and index.
650 0 _aMechanics
_vTextbooks.
_910484
650 0 _aHamiltonian systems
_vTextbooks.
_910485
650 0 _aCalculus of variations
_vTextbooks.
_910486
650 0 _aControl theory
_vTextbooks.
_910487
650 7 _aOrdinary differential equations.
_2msc
_910488
650 7 _aDynamical systems and ergodic theory.
_2msc
_910489
650 7 _aCalculus of variations and optimal control; optimization.
_2msc
_910490
650 7 _aMechanics of particles and systems.
_2msc
_910491
650 7 _aGeneral -- General and miscellaneous specific topics -- Problem books.
_2msc
_910492
906 _a7
_bcbc
_corignew
_d1
_eecip
_f20
_gy-gencatlg
942 _2ddc
_cBK